00808 a2200145 4500003000500000005001700005040000900022082001700031100002200048245004400070260003800114300001100152505047600163650002300639NUST20230127143820.0 cNust a904.9982,THO aThomas-Haig,David aTracks in The Snow /cDavid Haig Thomas aLondonbHodder and stoughtonc139 a290:p. aPrologue (Page-11), I Make My Plans (Page-17), Greenland (Page-26), The Eskimos (Page-41), First Journey to Etah (Page-56),Second Journey in the Motor-Boat (Page-69), Last Preparations (Page-90), The Seal Hunt (Page-120), In the Igloo of Ootah (Page-134), The Start of the Sledge Journey (Page-155), Cold (Page-172), Bears (Page-186), The New Island (Page-199), Hunger and Exhaustion (Page-221), The Return Journey (Page-235), Thule (Page-257), The Return (Page-277).  aTracks in The Snow